| 000 | 00426nam a22001697a 4500 | ||
|---|---|---|---|
| 003 | OSt | ||
| 005 | 20180116182948.0 | ||
| 008 | 131008b xxu||||| |||| 00| 0 eng d | ||
| 022 | _a9780415873734 | ||
| 040 | _c0 | ||
| 082 |
_22nd _a618.928522 BEI 2011 |
||
| 100 | _aDeborah C | ||
| 245 |
_aChild Anxiety Disorders _bA guide to research and treatement _cDeborah C |
||
| 260 | _c2011 | ||
| 300 | _a524p. | ||
| 942 |
_2ddc _cBK |
||
| 999 |
_c349388 _d349388 |
||